00470nam a2200193 a 4500001001300000003000900013005001700022008004100039020001000080082001600090100002100106245002000127260003500147300000900182500003500191505001300226650001600239700002100255nice12345678IN_TiNIC20260116011410.0050524s1883 luca grp 000 0 urd  ac10000a891.41bGHU aGhulam Hussain,  aAttar-E-Majmooa aLucknow bNaval Kishore c1883 a304p aincludes index and biblioraphy2 aAppendix aUrdu-Poetry1 aGhulam Hussain,